Statistics for Flags with Red, White, and Blue

Click here to take the quiz!

General Stats

  • This quiz has been taken 58 times
  • The average score is 20 of 23

Answer Stats

Answer% Correct
United Kingdom
100%
United States
100%
Australia
98%
France
98%
New Zealand
98%
Norway
98%
Russia
95%
Iceland
91%
Nepal
91%
Netherlands
91%
Czech Republic
89%
Luxembourg
89%
North Korea
86%
Panama
86%
Chile
84%
Cuba
84%
Liberia
82%
Slovakia
82%
Costa Rica
75%
Taiwan
75%
Samoa
73%
Thailand
73%
Laos
70%

Score Distribution

Percentile by Number Answered

Percent of People with Each Score

Your Score History

You have not taken this quiz